000 00807nam a2200253 a 4500
001
003 DO-SdBNP
005 20211228081321.0
008 100324d2017 dr r 000 j spa d
040 _aDO-SdBNP
_bspa
_cBPMSU
082 _aRD863.44
_bB171c, 2017
_222
100 1 _a Balaguer, Joaquín,
_d1906-2002
_92
245 1 4 _aLos carpinteros /
_cJoaquín Balaguer.
250 _a17a ed.
260 _aSanto Domingo :
_bFundación Joaquín Balaguer,
_c2017
300 _a443 p. ;
_c25 cm.
500 _aIncluye datos biográficos del autor en la solapa de la cubierta
590 _aInventariado, 2021/VM
650 1 4 _aNovela histórica dominicana.
650 4 _aLiteratura dominicana.
710 2 _aFundación Joaquín Balaguer (República Dominicana)
910 _aVMateo V.
942 _2ddc
_cBK
999 _c13928
_d13928